Utwory Czesława Miłosza - nagła śmierć - Statystyki

Ogólne statystyki
  • Ten quiz został rozwiązany 96 razy
  • Średni wynik to 5 z 9
Answers on the Grid
Answers color-coded by a green-red scale on the quiz's grid according to % correct below.
,,Zniewolony umysł"
,,Dolina Issy"
,,Rodzinna Europa"
,,Traktat poetycki"
,,Gucio zaczarowany"
,,Góry Parnasu"
,,Traktat moralny"
,,Miasto bez imienia"
,,Zdobycie władzy"
,,Możliwości"
,,Chłopi"
,,Wiatr od morza"
,,Ludzie bezdomni"
,,Folwark zwierzęcy"
,,My, dzieci z dworca ZOO"
 
Statystyki odpowiedzi
Odpowiedź % Poprawnych
,,Zniewolony umysł"
70%
,,Dolina Issy"
66%
,,Traktat moralny"
59%
,,Traktat poetycki"
54%
,,Rodzinna Europa"
51%
,,Miasto bez imienia"
49%
,,Góry Parnasu"
44%
,,Zdobycie władzy"
33%
,,Gucio zaczarowany"
30%
Nie znaleziono quizów pasujących do podanych kryteriów
Rozkład punktacji
Procent ludzi z każdym wynikiem
Percentyl według liczby udzielonych odpowiedzi
Twoja historia wyników
Nie rozwiązałeś tego quizu